Statistieken voor Top 15 landen met Covid-19 sterfgevallen - 28 april 2021

Klik hier om de quiz te nemen!

Algemene statistieken

  • Deze quiz is 2 keer genomen
  • De gemiddelde score is 13 van 24

Antwoordstatistieken

land% Correct
Frankrijk
100%
India
100%
Italië
100%
Mexico
100%
Polen
100%
Spanje
100%
Verenigde Staten
100%
Verenigd Koninkrijk
100%
België
50%
Brazilië
50%
Duitsland
50%
Hongarije
50%
Iran
50%
Rusland
50%
Slovenië
50%
Slowakije
50%
Tsjechië
50%
Argentinië
0%
Bosnië en
Herzegovina
0%
Bulgarije
0%
Colombia
0%
Kroatië
0%
Noord-Macedonië
0%
Peru
0%

Scoreverdeling

Percentiel versus Aantal Correcte Antwoorden

Procent van Mensen met Elke Score

Uw Scoregeschiedenis

U heeft deze quiz nog niet genomen